000 00517nam a2200193 i 4500
001 43888
003 ES-MaACL
005 20230906160912.0
007 t|
008 030320s1903 it ||||1| ita d
100 1 _aCiapetti, Gino.
_938736
245 1 2 _aL'alcool industriale /
_cGino Ciapetti.
260 _aMilano :
_b[s.n.,
_c1903] (
_fTip. A. Lombardi)
300 _aXII, 262 p. ;
_c15 cm.
490 1 _aManuali Hoepli
830 0 _aManuali Hoepli
_9180782
852 _aES-MaACL
_jD-2977
999 _c43888
_d43888